| 000 | 00000cam 2200000zi 4500 |
| 001 | 9.949161 |
| 003 | CaOODSP |
| 005 | 20260114161507 |
| 006 | m o d f |
| 007 | cr mn||||||||| |
| 008 | 250317e20250702onca ob f000 0 fre d |
| 020 | |a9780660764436 |
| 040 | |aCaOODSP|bfre|erda|cCaOODSP |
| 043 | |an-cn--- |
| 086 | 1 |aH139-89/2025F-PDF |
| 245 | 00|aComment démontrer la conformité des bâtiments étrangers avec les bonnes pratiques de fabrication des médicaments (GUI-0080). |
| 250 | |a[Édition 2025]. |
| 264 | 1|aOttawa (Ontario) : |bSanté Canada = Health Canada, |c2 juillet 2025. |
| 264 | 4|c©2025 |
| 300 | |a1 ressource en ligne (57 pages) : |billustrations |
| 336 | |atexte|btxt|2rdacontent/fre |
| 337 | |ainformatique|bc|2rdamedia/fre |
| 338 | |aressource en ligne|bcr|2rdacarrier/fre |
| 500 | |aPublié aussi en anglais sous le titre : How to demonstrate foreign building compliance with drug good manufacturing practices (GUI-0080). |
| 500 | |a« Pub. : 240969 » -- Page [2]. |
| 504 | |aComprend des références bibliographiques. |
| 520 | |a« Le présent guide a été rédigé à l'intention des importateurs canadiens qui souhaitent inscrire et conserver un bâtiment étranger à leur licence d'établissement de produits pharmaceutiques (LEPP). Il fournit des directives sur le type de renseignements que vous devriez fournir afin d'appuyer votre demande de LEPP. Il vous aidera aussi à comprendre les applications de la Partie C du Titre 2 (Bonnes pratiques de fabrication) du Règlement sur les aliments et drogues (le Règlement) aux bâtiments étrangers qui fournissent aux importateurs canadiens des médicaments à des fins d'importation au Canada ou d'importation au Canada en vue d'une exportation ultérieure. Cela comprend les formes posologiques définitives (FPD) ou les ingrédients pharmaceutiques actifs (IPA), et tout composé intermédiaire » -- Objectif, page 5. |
| 650 | 6|aIndustrie pharmaceutique|xPolitique gouvernementale|zCanada. |
| 650 | 6|aMédicaments|xPolitique gouvernementale|zCanada. |
| 710 | 1 |aCanada. |bSanté Canada, |eorganisme de publication. |
| 775 | 08|tHow to demonstrate foreign building compliance with drug good manufacturing practices (GUI-0080).|w(CaOODSP)9.949160 |
| 795 | |tComment démontrer la conformité des établissements étrangers avec les bonnes pratiques de fabrication des médicaments.|b[Édition 2018]|w(CaOODSP)9.954632 |
| 856 | 40|qPDF|s851 Ko|uhttps://publications.gc.ca/collections/collection_2025/sc-hc/H139-89-2025-fra.pdf |
| 856 | 4 |qHTML|sS.O.|uhttps://www.canada.ca/fr/sante-canada/services/medicaments-produits-sante/conformite-application-loi/bonnes-pratiques-fabrication/documents-orientation/guide-preuves-conformite-medicaments-sites-etrangers-0080.html |
| 986 | |a240969 |